[Event "RA March op U1900"]
[Site "Ottawa CAN"]
[Date "2019.03.03"]
[Round "5"]
[White "Marghetis, Aris"]
[Black "Laurin, Marcel"]
[Result "1-0"]
[WhiteElo "1895"]
[BlackElo "1701"]
[PlyCount "101"]
[EventDate "2019.03.01"]
[EventType "swiss"]
[EventRounds "5"]
[EventCountry "CAN"]

1. e4 g6 2. Bc4 Bg7 3. d4 a6 4. c3 e6 5. Nf3 h6 6. O-O d6 7. Bf4 Ne7 8. Nbd2 g5
9. Bg3 Ng6 10. e5 h5 11. exd6 cxd6 12. Ne4 g4 13. Nxd6+ Kf8 14. Ne5 Nxe5 15.
dxe5 Nc6 16. f4 h4 17. Bf2 Nxe5 18. Nxc8 Qxc8 19. Qd6+ Kg8 20. Bxe6 Qxe6 21.
fxe5 Bxe5 22. Qxe6 fxe6 23. Rae1 Bxh2+ 24. Kxh2 g3+ 25. Bxg3 hxg3+ 26. Kxg3 Rh6
27. Re4 Rd8 28. Rg4+ Kh8 29. Rf7 Rd3+ 30. Kf4 b5 31. Kg5 Rh1 32. Kg6 Rd8 33.
Rff4 Rh7 34. Rh4 Rg8+ 35. Kf6 Rxg2 36. Rb4 Re2 37. Rxh7+ Kxh7 38. Ke7 e5 39.
Kd6 e4 40. Ke5 Kg6 41. Kf4 Kf6 42. a3 Ke6 43. Rxe4+ Rxe4+ 44. Kxe4 Kd6 45. Kd4
Kc6 46. b3 Kb6 47. Kd5 a5 48. Kd6 b4 49. axb4 axb4 50. c4 Kb7 51. Kc5 1-0

[Event "RA Spring Thaw"]
[Site "Ottawa CAN"]
[Date "2019.04.04"]
[Round "3"]
[White "Upper, John"]
[Black "Xu, Daniel"]
[Result "1/2-1/2"]
[WhiteElo "2174"]
[BlackElo "2089"]
[PlyCount "104"]
[EventDate "2019.03.21"]
[EventType "tourn"]
[EventRounds "6"]
[EventCountry "CAN"]

1. c4 Nf6 2. Nc3 g6 3. e4 d6 4. d4 Bg7 5. Nf3 O-O 6. Be2 e5 7. d5 a5 8. Bg5 h6
9. Bh4 Qe8 10. Nd2 Na6 11. O-O Nh7 12. a3 Bd7 13. b3 h5 14. f3 Bh6 15. Rb1 Be3+
16. Kh1 Bc5 17. Nb5 c6 18. b4 axb4 19. axb4 Bxb4 20. Nc7 Nxc7 21. Rxb4 b5 22.
dxc6 Bxc6 23. cxb5 Nxb5 24. Nc4 Nc3 25. Qd2 Nxe2 26. Qxe2 Bb5 27. Rfb1 Bxc4 28.
Qxc4 g5 29. Be1 Rc8 30. Qd3 Qd7 31. h4 Rfd8 32. hxg5 Nxg5 33. Bh4 f6 34. Qd2
Qg7 35. Rb7 Qg6 36. Ra7 d5 37. Bxg5 Qxg5 38. Qxg5+ fxg5 39. exd5 Rxd5 40. Rbb7
g4 41. Rg7+ Kf8 42. Rh7 Kg8 43. fxg4 hxg4 44. Rag7+ Kf8 45. Rxg4 Rcd8 46. Rgg7
e4 47. Rf7+ Kg8 48. Rhg7+ Kh8 49. Re7 Re5 50. Rh7+ Kg8 51. Rxe5 Kxh7 52. Rxe4
Rd6 1/2-1/2

[Event "RA Winter op"]
[Site "Ottawa CAN"]
[Date "2019.01.18"]
[Round "1"]
[White "Doubleday, William"]
[Black "Dukic, Zachary"]
[Result "0-1"]
[WhiteElo "2041"]
[BlackElo "2350"]
[PlyCount "86"]
[EventDate "2019.01.18"]
[EventType "swiss"]
[EventRounds "5"]
[EventCountry "CAN"]

1. d4 Nf6 2. c4 g6 3. Nc3 Bg7 4. e4 d6 5. h3 O-O 6. Bg5 c5 7. dxc5 Qa5 8. Bd3
dxc5 9. Nf3 Nc6 10. O-O e6 11. Qc1 Nd4 12. Nxd4 cxd4 13. Ne2 Nd7 14. a3 Ne5 15.
b4 Nxd3 16. bxa5 Nxc1 17. Raxc1 e5 18. Rfd1 Be6 19. Rb1 Bxc4 20. Nc1 f6 21. Bd2
Rf7 22. Bb4 Rc8 23. Nd3 Rfc7 24. Bd6 Rc6 25. Bb4 R8c7 26. f4 Bh6 27. fxe5 Be3+
28. Kh1 Bxd3 29. Rxd3 fxe5 30. Rf1 Rf7 31. Rxf7 Kxf7 32. Bd2 Bxd2 33. Rxd2 Rc5
34. Rb2 d3 35. Kh2 Ke6 36. Rb3 d2 37. Rd3 Rxa5 38. Kg1 Rxa3 39. Rxd2 b5 40. Kf2
b4 41. Rd8 a5 42. Rb8 b3 43. Rb6+ Kd7 0-1

[Event "RA Winter op"]
[Site "Ottawa CAN"]
[Date "2019.01.18"]
[Round "1"]
[White "Gordon, David"]
[Black "Donev, Danail"]
[Result "1-0"]
[WhiteElo "2293"]
[BlackElo "1999"]
[PlyCount "101"]
[EventDate "2019.01.18"]
[EventType "swiss"]
[EventRounds "5"]
[EventCountry "CAN"]

1. d4 Nf6 2. Bg5 Ne4 3. Bf4 c5 4. f3 Nf6 5. dxc5 Qa5+ 6. Qd2 Qxc5 7. e4 d6 8.
Nc3 a6 9. O-O-O e5 10. Be3 Qc7 11. g4 Be6 12. Nge2 Nbd7 13. Ng3 g6 14. h4 Rc8
15. Kb1 b5 16. g5 Nh5 17. Nxh5 gxh5 18. Nd5 Bxd5 19. exd5 Bg7 20. Bh3 Rb8 21.
Bxd7+ Qxd7 22. f4 O-O 23. Qe2 Qf5 24. Qxh5 Rbc8 25. Rh2 exf4 26. Qf3 Rc4 27.
Bc1 Qe4 28. Qxe4 Rxe4 29. Rf1 Rfe8 30. c3 R8e5 31. Rxf4 Rxf4 32. Bxf4 Rxd5 33.
Kc2 Be5 34. Rd2 Rxd2+ 35. Bxd2 d5 36. Be3 Kg7 37. h5 f5 38. Bd4 Bxd4 39. cxd4
Kf7 40. Kd3 f4 41. Ke2 Ke6 42. Kf3 Kf5 43. g6 hxg6 44. hxg6 Kxg6 45. Kxf4 Kf6
46. b4 Ke6 47. Kg5 Ke7 48. Kf5 Kd6 49. Kf6 Kd7 50. Ke5 Kc6 51. Ke6 1-0

[Event "RA Winter op"]
[Site "Ottawa CAN"]
[Date "2019.01.18"]
[Round "1"]
[White "Sullivan, Andrew"]
[Black "Pace, Christopher"]
[Result "0-1"]
[WhiteElo "1993"]
[BlackElo "2252"]
[PlyCount "78"]
[EventDate "2019.01.18"]
[EventType "swiss"]
[EventRounds "5"]
[EventCountry "CAN"]

1. e4 d6 2. d4 g6 3. f4 Bg7 4. Nf3 a6 5. Nc3 b5 6. Be2 Nd7 7. O-O c5 8. a4 b4
9. Nd5 Bb7 10. dxc5 Nxc5 11. a5 Nxe4 12. Nb6 Rb8 13. c3 Bc6 14. cxb4 Rxb6 15.
axb6 Qxb6+ 16. Kh1 Nf2+ 17. Rxf2 Qxf2 18. Rxa6 Bb7 19. Ra3 Qb6 20. Qa4+ Kd8 21.
Be3 Qc7 22. Bb5 e6 23. Ra1 Bxb2 24. Rb1 Bxf3 25. gxf3 Qc3 26. Qa5+ Ke7 27. Qa7+
Kf8 28. Bf1 Nf6 29. Rxb2 Qxb2 30. Bd4 Qc1 31. Qb8+ Ne8 32. Kg2 Qd2+ 33. Bf2 Kg7
34. b5 Nf6 35. Qa7 Rc8 36. b6 Rc2 37. b7 Nd7 38. Bb5 Nc5 39. Qxc5 dxc5 0-1

[Event "RA Winter op"]
[Site "Ottawa CAN"]
[Date "2019.01.18"]
[Round "1"]
[White "Xu, Daniel"]
[Black "Sambuev, Bator"]
[Result "1/2-1/2"]
[WhiteElo "2108"]
[BlackElo "2569"]
[PlyCount "130"]
[EventDate "2019.01.18"]
[EventType "swiss"]
[EventRounds "5"]
[EventCountry "CAN"]

1. d4 d5 2. c4 e6 3. Nc3 Nf6 4. Bg5 Be7 5. e3 h6 6. Bh4 O-O 7. Nf3 Ne4 8. Bxe7
Qxe7 9. Rc1 Nxc3 10. Rxc3 c6 11. Bd3 dxc4 12. Rxc4 b6 13. Ne5 Bb7 14. Be4 c5
15. Bxb7 Qxb7 16. Qf3 Qxf3 17. Nxf3 Nd7 18. dxc5 bxc5 19. Ke2 Rfb8 20. Rc2 Kf8
21. Nd2 a5 22. Rhc1 a4 23. Ne4 Ra5 24. b3 axb3 25. axb3 Rbb5 26. Rd1 Ke7 27.
Rd3 Rb4 28. Nd2 Ra3 29. Rc4 Rxc4 30. Nxc4 Ra6 31. Rd2 g5 32. Rb2 Ra1 33. Nd2
Rg1 34. g3 Rc1 35. Rb1 Rc2 36. Kd1 Ra2 37. b4 f5 38. bxc5 Nxc5 39. f3 h5 40.
Rc1 Rxd2+ 41. Kxd2 Nb3+ 42. Kc2 Nxc1 43. Kxc1 e5 44. Kd2 Kd6 45. f4 exf4 46.
exf4 g4 47. Ke3 Kc5 48. Kd3 Kd5 49. Ke3 Kc4 50. Ke2 Kd4 51. Kd2 Ke4 52. Ke2 h4
53. gxh4 Kxf4 54. Kf2 Ke5 55. Kg3 Ke4 56. h5 f4+ 57. Kxg4 f3 58. Kg3 Ke3 59. h6
f2 60. h7 f1=Q 61. h8=Q Qf4+ 62. Kh3 Qf3+ 63. Kh4 Qf4+ 64. Kh3 Qf3+ 65. Kh4
Qf4+ 1/2-1/2

[Event "RA Winter op"]
[Site "Ottawa CAN"]
[Date "2019.01.19"]
[Round "2"]
[White "Donev, Danail"]
[Black "Xu, Daniel"]
[Result "1/2-1/2"]
[WhiteElo "1999"]
[BlackElo "2108"]
[PlyCount "89"]
[EventDate "2019.01.18"]
[EventType "swiss"]
[EventRounds "5"]
[EventCountry "CAN"]

1. e4 c5 2. Nc3 d6 3. g3 g6 4. Bg2 Bg7 5. d3 Nc6 6. f4 e6 7. Nf3 Nge7 8. O-O
O-O 9. Be3 Nd4 10. e5 Nef5 11. Bf2 Nxf3+ 12. Qxf3 Nd4 13. Qd1 dxe5 14. fxe5
Bxe5 15. Ne4 Nf5 16. c3 Qc7 17. Bxc5 Rd8 18. Qf3 b6 19. Ba3 Bb7 20. d4 Bg7 21.
Nf6+ Bxf6 22. Qxb7 Qxb7 23. Bxb7 Rab8 24. Be4 Be7 25. Bxe7 Nxe7 26. Rfd1 Rd6
27. Kf2 Rbd8 28. Bf3 Kg7 29. a4 a5 30. Re1 f5 31. Re5 Nc6 32. Bxc6 Rxc6 33. Ra3
Rd5 34. Rxd5 exd5 35. Ke3 Re6+ 36. Kd2 g5 37. Ra1 Re4 38. Re1 f4 39. Rxe4 dxe4
40. gxf4 gxf4 41. b4 Kf6 42. b5 Kf5 43. h3 e3+ 44. Kd3 Ke6 45. c4 1/2-1/2

[Event "RA Winter op"]
[Site "Ottawa CAN"]
[Date "2019.01.19"]
[Round "2"]
[White "Dukic, Zachary"]
[Black "Yang, Fan"]
[Result "1-0"]
[WhiteElo "2350"]
[BlackElo "2183"]
[PlyCount "89"]
[EventDate "2019.01.18"]
[EventType "swiss"]
[EventRounds "5"]
[EventCountry "CAN"]

1. e4 e5 2. Nf3 Nc6 3. Bb5 a6 4. Ba4 Nf6 5. O-O b5 6. Bb3 Be7 7. d3 d6 8. a3
O-O 9. Nc3 h6 10. h3 Na5 11. Ba2 c5 12. b4 Nc6 13. Nd5 Re8 14. bxc5 dxc5 15.
Bb2 Bd6 16. a4 Nxd5 17. Bxd5 Bb7 18. c3 Qc7 19. axb5 axb5 20. Qb3 b4 21. cxb4
Nxb4 22. Bxb7 Qxb7 23. Nh4 Rxa1 24. Rxa1 c4 25. dxc4 Qxe4 26. Nf3 Qc6 27. Rd1
Na6 28. Qb5 Rc8 29. Nxe5 Bxe5 30. Qxe5 f6 31. Qf5 Rb8 32. Ba3 Qxc4 33. Rd7 Kh8
34. Qg6 Rg8 35. g3 Nb4 36. Rb7 Qa6 37. Rxb4 Qxa3 38. Rf4 Rd8 39. Kh2 Qe7 40. h4
Qe6 41. Re4 Qa2 42. Qf5 Qf7 43. Re6 Rd2 44. Kg2 Qc7 45. Re8# 1-0

[Event "RA Winter op"]
[Site "Ottawa CAN"]
[Date "2019.01.19"]
[Round "2"]
[White "Pace, Christopher"]
[Black "Yao, Houji"]
[Result "0-1"]
[WhiteElo "2252"]
[BlackElo "2133"]
[PlyCount "94"]
[EventDate "2019.01.18"]
[EventType "swiss"]
[EventRounds "5"]
[EventCountry "CAN"]

1. Nf3 g6 2. d4 Nf6 3. c4 Bg7 4. g3 c6 5. Bg2 d5 6. O-O O-O 7. Nc3 Ne4 8. Qb3
Qb6 9. cxd5 Qxb3 10. axb3 Nxc3 11. bxc3 cxd5 12. Nd2 Rd8 13. e4 Be6 14. exd5
Bxd5 15. Nc4 Bxg2 16. Kxg2 Nc6 17. Re1 b5 18. Na5 Nxa5 19. Rxa5 b4 20. cxb4 e6
21. Bg5 Rxd4 22. Be7 Rd3 23. Re3 Rd7 24. Bc5 Bf8 25. Kf3 Rb8 26. Ke2 Be7 27.
Rd3 Rdb7 28. Bxa7 Bxb4 29. Bxb8 Bxa5 30. Be5 f5 31. Kd1 Rb5 32. f4 Rd5 33. Rxd5
exd5 34. Ke2 Kf7 35. Bd6 Ke6 36. Bc5 Bd8 37. b4 g5 38. fxg5 Bxg5 39. Kf3 Bf6
40. b5 d4 41. Ba7 Kd5 42. Ke2 Kc4 43. Kd2 Bg5+ 44. Kc2 d3+ 45. Kb2 Bf6+ 46. Kc1
Kxb5 47. Kd2 Kc4 0-1

[Event "RA Winter op"]
[Site "Ottawa CAN"]
[Date "2019.01.19"]
[Round "2"]
[White "Simic, Dusan"]
[Black "Gordon, David"]
[Result "1-0"]
[WhiteElo "2154"]
[BlackElo "2293"]
[PlyCount "45"]
[EventDate "2019.01.18"]
[EventType "swiss"]
[EventRounds "5"]
[EventCountry "CAN"]

1. e4 d5 2. exd5 Nf6 3. Bb5+ Nbd7 4. c4 a6 5. Ba4 b5 6. cxb5 Nxd5 7. Nc3 e6 8.
Nxd5 exd5 9. Ne2 Bd6 10. O-O O-O 11. d4 Nb6 12. Bc2 axb5 13. Nf4 Qf6 14. Nh5
Qh4 15. g3 Qg4 16. Nf4 Qxd1 17. Bxd1 Bf5 18. Be2 c6 19. Ng2 Bh3 20. Rd1 Bxg2
21. Kxg2 Na4 22. Bd3 Ra7 23. Re1 1-0

[Event "RA Winter op"]
[Site "Ottawa CAN"]
[Date "2019.01.18"]
[Round "2"]
[White "Zhu, Matthew"]
[Black "Cooper, Aaron"]
[Result "0-1"]
[WhiteElo "1866"]
[BlackElo "2238"]
[PlyCount "52"]
[EventDate "2019.01.18"]
[EventType "swiss"]
[EventRounds "5"]
[EventCountry "CAN"]

1. e4 c5 2. Nf3 g6 3. d4 cxd4 4. Nxd4 Bg7 5. Be3 Nc6 6. Nc3 Nf6 7. Bc4 O-O 8.
O-O d6 9. h3 Bd7 10. f4 Qb6 11. Qd2 Nxe4 12. Nxe4 Bxd4 13. Bxd4 Nxd4 14. Kh1
Nf5 15. Bb3 Bc6 16. Nc3 Ng3+ 17. Kh2 Nxf1+ 18. Rxf1 e6 19. Qxd6 Rad8 20. Qe5
Rd2 21. Rg1 Qf2 22. Ne4 Bxe4 23. Qxe4 b6 24. Kh1 Rfd8 25. c3 Re2 26. Qb1 Rdd2
0-1

[Event "RA Winter op"]
[Site "Ottawa CAN"]
[Date "2019.01.19"]
[Round "3"]
[White "Gordon, David"]
[Black "Sambuev, Bator"]
[Result "1-0"]
[WhiteElo "2293"]
[BlackElo "2569"]
[PlyCount "61"]
[EventDate "2019.01.18"]
[EventType "swiss"]
[EventRounds "5"]
[EventCountry "CAN"]

1. d4 d5 2. Bf4 c5 3. e4 e6 4. exd5 exd5 5. Bb5+ Bd7 6. Qe2+ Qe7 7. Nc3 Nf6 8.
Be5 Kd8 9. Bxf6 Qxf6 10. Nxd5 Qg5 11. Bc4 Qxg2 12. Qe5 Nc6 13. Qc7+ Ke8 14.
O-O-O Rc8 15. Re1+ Be7 16. Qxb7 Qxf2 17. Nh3 Qh4 18. Bb5 Rb8 19. Rxe7+ Qxe7 20.
Qxc6 Bxc6 21. Bxc6+ Kf8 22. Nxe7 Kxe7 23. d5 Rb4 24. Re1+ Kd6 25. Ng5 Rf4 26.
Ne4+ Kc7 27. Nxc5 g5 28. Nd3 Rf6 29. Re7+ Kc8 30. c4 Rd8 31. Kc2 1-0

[Event "RA Winter op"]
[Site "Ottawa CAN"]
[Date "2019.01.19"]
[Round "3"]
[White "Xu, Daniel"]
[Black "Kuttner, Amos"]
[Result "1-0"]
[WhiteElo "2108"]
[BlackElo "1931"]
[PlyCount "61"]
[EventDate "2019.01.18"]
[EventType "swiss"]
[EventRounds "5"]
[EventCountry "CAN"]

1. d4 d5 2. c4 e6 3. Nc3 Nf6 4. Bg5 Be7 5. e3 Nbd7 6. Nf3 O-O 7. Bd3 dxc4 8.
Bxc4 c5 9. O-O a6 10. a4 cxd4 11. Nxd4 Ne5 12. Bb3 Ng6 13. Qe2 Qb6 14. a5 Qc5
15. Bxf6 gxf6 16. Ne4 Qe5 17. Nd2 Bd6 18. f4 Qc5 19. Rfc1 Qa7 20. Ne4 Bxf4 21.
Nxf6+ Kg7 22. Nh5+ Kh8 23. Nxf4 Nxf4 24. Qf2 Nd5 25. Bxd5 exd5 26. Qf6+ Kg8 27.
Rf1 Be6 28. Rf3 Rfe8 29. Nxe6 Rxe6 30. Qxf7+ Kh8 31. Qxe6 1-0

[Event "RA Winter op"]
[Site "Ottawa CAN"]
[Date "2019.01.19"]
[Round "3"]
[White "Yang, Fan"]
[Black "Han, Johnathan"]
[Result "1-0"]
[WhiteElo "2183"]
[BlackElo "1984"]
[PlyCount "73"]
[EventDate "2019.01.18"]
[EventType "swiss"]
[EventRounds "5"]
[EventCountry "CAN"]

1. e4 c5 2. Nf3 d6 3. d4 Nf6 4. Nc3 cxd4 5. Nxd4 a6 6. g3 e6 7. Bg2 Be7 8. O-O
Qc7 9. h3 Nc6 10. a4 Bd7 11. Nde2 O-O 12. g4 Rfd8 13. Ng3 Be8 14. g5 Nd7 15.
Kh1 Nf8 16. f4 Kh8 17. Be3 Na5 18. Bd4 Ng6 19. Nh5 Bf8 20. f5 exf5 21. Nd5 Qd7
22. exf5 Ne5 23. Qe1 Nac6 24. Qh4 Nxd4 25. Nhf6 gxf6 26. Nxf6 h6 27. Nxd7 Rxd7
28. Qxd4 hxg5 29. f6 Bh6 30. h4 Rc8 31. hxg5 Bxg5 32. b3 Rxc2 33. Rf5 Rc1+ 34.
Rxc1 Bxc1 35. Qc3 Ba3 36. Qh3+ Kg8 37. Qh6 1-0

[Event "RA Winter op"]
[Site "Ottawa CAN"]
[Date "2019.01.19"]
[Round "3"]
[White "Yao, Houji"]
[Black "Dukic, Zachary"]
[Result "0-1"]
[WhiteElo "2133"]
[BlackElo "2350"]
[PlyCount "142"]
[EventDate "2019.01.18"]
[EventType "swiss"]
[EventRounds "5"]
[EventCountry "CAN"]

1. e4 e5 2. Nf3 Nc6 3. Bb5 a6 4. Ba4 Nf6 5. O-O Be7 6. d3 d6 7. c3 O-O 8. Nbd2
b5 9. Bc2 d5 10. h3 d4 11. a4 Rb8 12. axb5 axb5 13. Re1 Re8 14. Nf1 Bc5 15. Ng3
Qd6 16. Qe2 dxc3 17. bxc3 b4 18. cxb4 Nxb4 19. Bb2 Bd7 20. Red1 Nc6 21. Bc3 Bb4
22. Bb2 Bc5 23. Bc3 Nd4 24. Nxd4 exd4 25. Bd2 Nd5 26. Qf3 Nc3 27. Bf4 Qf8 28.
Re1 Rb2 29. Bd1 Bb4 30. Rf1 Bd6 31. Bc1 Rb6 32. Nf5 Bxf5 33. Qxf5 Rb5 34. Qg4
Reb8 35. Bf3 Be5 36. Bf4 Qe7 37. Bxe5 Qxe5 38. Bd1 Rb2 39. f4 Qb5 40. Qg3 Rd2
41. Bf3 Qxd3 42. Qg5 Nxe4 43. Qe5 Qe3+ 44. Kh2 Nd6 45. Qxe3 dxe3 46. Rac1 Re8
47. Rxc7 Nf5 48. Re1 g6 49. Rc3 h5 50. Kg1 Rd4 51. g3 Nxg3 52. Rcxe3 Rxe3 53.
Rxe3 Rxf4 54. Bd5 Nf5 55. Ra3 Kg7 56. Ra7 Ne3 57. Bc6 h4 58. Bb5 Kh6 59. Be2
Kg5 60. Re7 Nd5 61. Re5+ Rf5 62. Re4 Nf4 63. Bf1 Ra5 64. Kf2 f5 65. Re3 Ra2+
66. Kg1 Nh5 67. Bc4 Ra1+ 68. Kf2 Ng3 69. Bd3 Ra2+ 70. Kg1 Kf4 71. Re6 Kf3 0-1

[Event "RA Winter op"]
[Site "Ottawa CAN"]
[Date "2019.01.20"]
[Round "4"]
[White "Dukic, Zachary"]
[Black "Cooper, Aaron"]
[Result "1-0"]
[WhiteElo "2350"]
[BlackElo "2238"]
[PlyCount "41"]
[EventDate "2019.01.18"]
[EventType "swiss"]
[EventRounds "5"]
[EventCountry "CAN"]

1. e4 d5 2. exd5 Nf6 3. d4 Bg4 4. Nf3 Qxd5 5. Be2 Nc6 6. O-O O-O-O 7. Be3 Qf5
8. c4 e5 9. d5 e4 10. Nd4 Nxd4 11. Bxd4 Bxe2 12. Qxe2 c5 13. Bxf6 gxf6 14. Nc3
Re8 15. f4 Rg8 16. Rae1 Qh3 17. Nxe4 Rxe4 18. Qxe4 Qg4 19. Qe8+ Kc7 20. Qxf7+
Kd8 21. Re8# 1-0

[Event "RA Winter op"]
[Site "Ottawa CAN"]
[Date "2019.01.20"]
[Round "4"]
[White "Kellar, Ben"]
[Black "Doubleday, William"]
[Result "1-0"]
[WhiteElo "2057"]
[BlackElo "2041"]
[PlyCount "121"]
[EventDate "2019.01.18"]
[EventType "swiss"]
[EventRounds "5"]
[EventCountry "CAN"]

1. c4 c5 2. g3 e5 3. Bg2 Nc6 4. Nc3 g6 5. e3 Bg7 6. Nge2 Nge7 7. O-O O-O 8. d3
d6 9. a3 Rb8 10. Rb1 a5 11. Nb5 d5 12. Nec3 Be6 13. b3 Qd7 14. cxd5 Nxd5 15.
Ne4 Qe7 16. Qc2 b6 17. Bb2 Rfd8 18. Rfd1 Rbc8 19. Rbc1 h6 20. Nd2 Na7 21. Nxa7
Qxa7 22. Nc4 Qc7 23. Bxd5 Bxd5 24. e4 Be6 25. Qc3 f6 26. f3 Rb8 27. Rc2 Qf7 28.
Rf1 Qd7 29. Rd2 b5 30. Nxa5 b4 31. Qc2 Qb5 32. axb4 Rbc8 33. Ra1 Qxb4 34. Bc3
Qb5 35. Ra3 Ra8 36. Qb2 Bf8 37. Nc4 Rdb8 38. Rxa8 Rxa8 39. Rd1 Rb8 40. Rb1 Qd7
41. Qc2 Ra8 42. Rd1 Qb5 43. Bd2 Ra7 44. Qc3 Ra2 45. Rb1 Bxc4 46. dxc4 Qd7 47.
Be3 Qh3 48. Rb2 Ra1+ 49. Bc1 Qd7 50. Rd2 Qa7 51. Kg2 Rb1 52. Bb2 Qa2 53. f4 Re1
54. fxe5 Qb1 55. Qf3 Rg1+ 56. Kh3 Rf1 57. Qg4 g5 58. Qe6+ Kg7 59. Rd7+ Kh8 60.
Qf7 g4+ 61. Kh4 1-0

[Event "RA Winter op"]
[Site "Ottawa CAN"]
[Date "2019.01.20"]
[Round "4"]
[White "Pace, Christopher"]
[Black "Xu, Daniel"]
[Result "1-0"]
[WhiteElo "2252"]
[BlackElo "2108"]
[PlyCount "57"]
[EventDate "2019.01.18"]
[EventType "swiss"]
[EventRounds "5"]
[EventCountry "CAN"]

1. Nf3 Nf6 2. b3 e6 3. Bb2 d5 4. e3 Bd6 5. d4 b6 6. Bd3 Bb7 7. Nbd2 Nbd7 8. Ne5
Ne4 9. Nxe4 dxe4 10. Bb5 Bxe5 11. dxe5 c6 12. Bf1 h5 13. Qd2 Qc7 14. O-O-O
O-O-O 15. Qc3 c5 16. Be2 g6 17. h4 Nb8 18. Rd6 Rhf8 19. Rhd1 Bd5 20. f3 exf3
21. gxf3 Rxd6 22. exd6 Qxd6 23. Qg7 Qe7 24. Bf6 Qe8 25. c4 Rg8 26. Qh6 Nd7 27.
cxd5 Nxf6 28. Ba6+ Kd8 29. Qg5 1-0

[Event "RA Winter op"]
[Site "Ottawa CAN"]
[Date "2019.01.20"]
[Round "4"]
[White "Sambuev, Bator"]
[Black "Sullivan, Andrew"]
[Result "1-0"]
[WhiteElo "2569"]
[BlackElo "1993"]
[PlyCount "67"]
[EventDate "2019.01.18"]
[EventType "swiss"]
[EventRounds "5"]
[EventCountry "CAN"]

1. e4 d5 2. exd5 Nf6 3. d4 Nxd5 4. Nf3 Bg4 5. h3 Bxf3 6. Qxf3 Nc6 7. c3 e6 8.
g3 Be7 9. Bg2 O-O 10. O-O Nf6 11. Qe2 Qd7 12. Nd2 Bd6 13. Nc4 Be7 14. Bd2 Rab8
15. a4 Rfd8 16. b4 Re8 17. b5 Nd8 18. Ne5 Qc8 19. Rab1 Nd7 20. f4 f6 21. Qh5
Rf8 22. Be4 f5 23. Bg2 Nxe5 24. fxe5 c6 25. Qe2 Nf7 26. c4 Qd7 27. Bc3 Rfd8 28.
Kh2 g6 29. Rb2 Kg7 30. Rfb1 c5 31. d5 h5 32. dxe6 Qxe6 33. Bd5 Rxd5 34. cxd5
1-0

[Event "RA Winter op"]
[Site "Ottawa CAN"]
[Date "2019.01.20"]
[Round "4"]
[White "Simic, Dusan"]
[Black "Yang, Fan"]
[Result "1-0"]
[WhiteElo "2154"]
[BlackElo "2183"]
[PlyCount "143"]
[EventDate "2019.01.18"]
[EventType "swiss"]
[EventRounds "5"]
[EventCountry "CAN"]

1. e4 e5 2. Nf3 Nc6 3. Nc3 Nf6 4. d4 exd4 5. Nxd4 Bb4 6. Nxc6 bxc6 7. Bd3 O-O
8. O-O d5 9. exd5 cxd5 10. h3 h6 11. Ne2 c5 12. c3 Ba5 13. Ng3 Bc7 14. Nf5 Bxf5
15. Bxf5 Re8 16. Qf3 Be5 17. g4 d4 18. Rd1 Qb6 19. cxd4 cxd4 20. Bd3 Rad8 21.
Bc4 Qb4 22. Bb3 Qb5 23. Rb1 d3 24. Bd2 a5 25. Rdc1 Qd7 26. Kg2 a4 27. Bc4 Rb8
28. b3 axb3 29. Bxb3 Bc7 30. Rxc7 Qxc7 31. Bf4 Rxb3 32. Rxb3 Qc2 33. Rxd3 Qxa2
34. Bxh6 gxh6 35. Qxf6 Qe6 36. Rd6 Qxf6 37. Rxf6 Kg7 38. Ra6 Rb8 39. h4 Rb5 40.
Ra7 Rb3 41. Ra5 Rc3 42. f3 Rc2+ 43. Kg3 Rc3 44. Kf4 Rb3 45. Ke4 Rb4+ 46. Ke3
Rb3+ 47. Kf4 Rb4+ 48. Kg3 Rb3 49. Rf5 Ra3 50. g5 hxg5 51. hxg5 Ra1 52. Rf6 Rg1+
53. Kf4 Ra1 54. Kg4 Rg1+ 55. Kf5 Ra1 56. f4 Ra5+ 57. Kg4 Ra4 58. Kf3 Ra3+ 59.
Ke4 Ra4+ 60. Kf3 Ra3+ 61. Kg4 Ra4 62. Rf5 Ra1 63. Rb5 Rg1+ 64. Kf5 Ra1 65. Rd5
Re1 66. Rd7 Re6 67. Ra7 Re1 68. g6 Rb1 69. Rxf7+ Kg8 70. Ra7 Rb5+ 71. Kf6 Rb6+
72. Kg5 1-0

[Event "RA Winter op"]
[Site "Ottawa CAN"]
[Date "2019.01.20"]
[Round "4"]
[White "Yao, Houji"]
[Black "Gordon, David"]
[Result "1/2-1/2"]
[WhiteElo "2133"]
[BlackElo "2293"]
[PlyCount "110"]
[EventDate "2019.01.18"]
[EventType "swiss"]
[EventRounds "5"]
[EventCountry "CAN"]

1. e4 c5 2. Nf3 Nc6 3. d4 cxd4 4. Nxd4 e5 5. Nb5 d6 6. N1c3 a6 7. Na3 Be7 8.
Be3 b5 9. Nd5 Rb8 10. Be2 Nf6 11. Qd3 Nxd5 12. exd5 Nd4 13. Bxd4 exd4 14. Qxd4
O-O 15. c3 Bf6 16. Qd2 Re8 17. O-O Qb6 18. Nc2 a5 19. a3 Bf5 20. Bf3 Rec8 21.
Ne3 Bg5 22. h4 Bf4 23. g3 Bxe3 24. Qxe3 Qxe3 25. fxe3 b4 26. axb4 axb4 27. cxb4
Rxb4 28. Rfc1 Rxc1+ 29. Rxc1 Kf8 30. Rc7 Rb3 31. Rc3 Rxb2 32. e4 Bd7 33. Re3 f6
34. Re2 Rxe2 35. Bxe2 Ke7 36. Kf2 f5 37. Ke3 Kf6 38. Kf4 h6 39. exf5 Bxf5 40.
h5 Bh3 41. Bf3 Bf1 42. Be4 Be2 43. g4 Bf1 44. Bf3 Bd3 45. Ke3 Bb1 46. Kf4 Bc2
47. Be2 g5+ 48. hxg6 Bxg6 49. Bf3 Bf7 50. Be4 Be8 51. Bf3 Ba4 52. Be2 Bb3 53.
Bf3 Bc4 54. Bg2 Be2 55. Be4 Bd1 1/2-1/2

[Event "RA Winter op"]
[Site "Ottawa CAN"]
[Date "2019.01.20"]
[Round "5"]
[White "Simic, Dusan"]
[Black "Dukic, Zachary"]
[Result "1/2-1/2"]
[WhiteElo "2154"]
[BlackElo "2350"]
[PlyCount "31"]
[EventDate "2019.01.18"]
[EventType "swiss"]
[EventRounds "5"]
[EventCountry "CAN"]

1. e4 e5 2. Nf3 Nc6 3. Nc3 Nf6 4. d4 exd4 5. Nxd4 Bb4 6. Nxc6 bxc6 7. Bd3 d5 8.
exd5 O-O 9. O-O cxd5 10. Bg5 c6 11. Qf3 Bd6 12. h3 Rb8 13. Nd1 Qe7 14. Bxf6
Qxf6 15. Qxf6 gxf6 16. Rb1 1/2-1/2

[Event "RA Winter op"]
[Site "Ottawa CAN"]
[Date "2019.01.20"]
[Round "5"]
[White "Yang, Fan"]
[Black "Kellar, Ben"]
[Result "1-0"]
[WhiteElo "2183"]
[BlackElo "2057"]
[PlyCount "35"]
[EventDate "2019.01.18"]
[EventType "swiss"]
[EventRounds "5"]
[EventCountry "CAN"]

1. e4 c5 2. Nf3 g6 3. d4 Bg7 4. Nc3 Qa5 5. Be2 Nc6 6. Be3 Nf6 7. O-O Ng4 8. Bd2
cxd4 9. Nxd4 Nxd4 10. Bxg4 h5 11. Nd5 Qd8 12. Bc3 hxg4 13. Bxd4 e5 14. Be3 Qh4
15. Re1 b6 16. Qd3 Qxh2+ 17. Kf1 O-O 18. Ne7+ 1-0

[Event "RA Winter op U1900"]
[Site "Ottawa CAN"]
[Date "2019.01.18"]
[Round "1"]
[White "Krolczyk, Jacob"]
[Black "Danilov, Alex"]
[Result "0-1"]
[WhiteElo "1741"]
[BlackElo "1634"]
[PlyCount "44"]
[EventDate "2019.01.18"]
[EventType "swiss"]
[EventRounds "5"]
[EventCountry "CAN"]

1. Nf3 Nf6 2. g3 g6 3. Bg2 Bg7 4. O-O d5 5. d3 c5 6. Nbd2 Nc6 7. e4 d4 8. a4 b6
9. Nc4 a5 10. Ng5 Bg4 11. f3 Bd7 12. f4 h6 13. e5 Ng4 14. Nxf7 Kxf7 15. e6+
Bxe6 16. Bxc6 Rc8 17. Qf3 Rf8 18. Re1 Ne3 19. Bxe3 dxe3 20. Rad1 e2 21. Rb1
Bd4+ 22. Kg2 Rxc6 0-1

[Event "Richmond Hill op"]
[Site "Richmond Hill CAN"]
[Date "2019.11.09"]
[Round "1.2"]
[White "Zhao, Jeffrey R"]
[Black "Noritsyn, Sergey"]
[Result "0-1"]
[WhiteElo "2136"]
[BlackElo "2309"]
[PlyCount "78"]
[EventDate "2019.11.09"]
[EventType "swiss"]
[EventRounds "5"]
[EventCountry "CAN"]

1. e4 c5 2. Nf3 d6 3. d4 cxd4 4. Nxd4 Nf6 5. Nc3 a6 6. Bg5 Nbd7 7. Qe2 h6 8.
Bh4 g6 9. f4 e5 10. fxe5 dxe5 11. O-O-O Qc7 12. Nb3 b5 13. Nd5 Nxd5 14. exd5
Bb7 15. Qd2 Rc8 16. Kb1 Bb4 17. c3 Bd6 18. Bd3 g5 19. Bg3 Nf6 20. Rhf1 Nxd5 21.
Ka1 Rd8 22. Rfe1 O-O 23. Qe2 Rde8 24. Be4 Nf4 25. Bxf4 exf4 26. Qf3 Rxe4 27.
Rxe4 f5 28. Qh5 Bxe4 29. Qg6+ Qg7 30. Qxd6 Bxg2 31. Nc5 Qf6 32. Qc7 Rf7 33.
Rd8+ Kg7 34. Qc8 f3 35. Nd7 Qe7 36. Rg8+ Kh7 37. Rh8+ Kg6 38. Qc6+ Kh5 39.
Qxh6+ Kg4 0-1